A tiszai táj védelméért
Elmentve itt :
| Dokumentumtípus: | Cikk |
|---|---|
| Megjelent: |
1973-04-20
|
| Sorozat: | Délmagyarország
64 No. 91 |
| Kulcsszavak: | Tisza |
| Online Access: | http://dmarchiv.bibl.u-szeged.hu/101819 |
| LEADER | 00388nab a2200145 i 4500 | ||
|---|---|---|---|
| 001 | delm101819 | ||
| 005 | 20190402135736.0 | ||
| 008 | 190402s1973 hu o 0|| hun d | ||
| 040 | |a SZTE Délmagyarország Archívum |b hun | ||
| 041 | |a hun | ||
| 245 | 0 | 2 | |a A tiszai táj védelméért |h [elektronikus dokumentum] |
| 260 | |c 1973-04-20 | ||
| 300 | |a 3 | ||
| 490 | 0 | |a Délmagyarország |v 64 No. 91 | |
| 695 | |a Tisza | ||